| 000 | 00555 a2200169 4500 | ||
|---|---|---|---|
| 020 | _a9780439358293 | ||
| 020 | _a 0439358299 | ||
| 041 | _aeng | ||
| 100 | _aNumeroff, Laura Joffe | ||
| 245 | _aSi llevas un raton al cine / por Laura Numeroff ; ilustrado por Felicia Bond ; traducido por Teresa Mlawer. | ||
| 260 | _a New York : Scholastic, 2001. | ||
| 300 |
_a 1 volume (unpaged) : color illustrations ; _c23 cm |
||
| 500 | _aEnglish title: If you take a mouse to the movies. | ||
| 700 | 1 | 0 | _aBond, Felicia |
| 700 | 1 | 0 | _aMlawer, Teresa |
| 942 | _cBK | ||
| 999 |
_c11590 _d11590 |
||